Distressing times ahead for landlords (Record no. 70728)
[ view plain ]
| 000 -LEADER | |
|---|---|
| fixed length control field | 01532cam a2200265 4500 |
| 001 - CONTROL NUMBER | |
| control field | ABS65733 |
| 008 - FIXED-LENGTH DATA ELEMENTS--GENERAL INFORMATION | |
| fixed length control field | 020715n2002 000 0 eng u |
| 035 ## - SYSTEM CONTROL NUMBER | |
| System control number | (Sirsi) u118815 |
| 100 ## - MAIN ENTRY--PERSONAL NAME | |
| Personal name | Joyce, J |
| 245 ## - TITLE STATEMENT | |
| Title | Distressing times ahead for landlords |
| 260 ## - PUBLICATION, DISTRIBUTION, ETC. | |
| Date of publication, distribution, etc. | 2002 |
| 490 ## - SERIES STATEMENT | |
| Series statement | Estates Gazette |
| Volume/sequential designation | (0224) 15 June 2002, 142-143(2) |
| 520 ## - SUMMARY, ETC. | |
| Summary, etc. | Following the Lord Chancellor's department's (LCD) response to two recent consultation papers on distress for rent, article provides an update and summary of the main proposals. Discusses the following areas with LCD responses: landlord/creditor required to give 72 hours' notice; distrainors required to carry an identity card and give a minimum amount of information; distress for rent to take place between 0800 and 2000; no service charges recoverable by distress; forced entry to require prior notice and judicial authority; distress only levied if outstanding rent exceeds one quarter of the annual sum; bailiff not allowed to take goods if they do not cover expenses plus 10% of the debt; three forms of legal control; a list of exempted goods; abolishing poundbreach; fees; and removing a landlord's priority. The LCD plans to publish a white paper in early 2003. |
| 590 ## - LOCAL NOTE (RLIN) | |
| Local note | ABS |
| 650 ## - SUBJECT ADDED ENTRY--TOPICAL TERM | |
| Topical term or geographic name entry element | DISTRESS FOR RENT |
| 650 ## - SUBJECT ADDED ENTRY--TOPICAL TERM | |
| Topical term or geographic name entry element | LORD CHANCELLORS DEPARTMENT |
| 650 ## - SUBJECT ADDED ENTRY--TOPICAL TERM | |
| Topical term or geographic name entry element | DISTRAINT |
| 650 ## - SUBJECT ADDED ENTRY--TOPICAL TERM | |
| Topical term or geographic name entry element | RENT |
| 650 ## - SUBJECT ADDED ENTRY--TOPICAL TERM | |
| Topical term or geographic name entry element | GOODS |
| 650 ## - SUBJECT ADDED ENTRY--TOPICAL TERM | |
| Topical term or geographic name entry element | NOTICE |
| 650 ## - SUBJECT ADDED ENTRY--TOPICAL TERM | |
| Topical term or geographic name entry element | SERVICE CHARGES |
| 650 ## - SUBJECT ADDED ENTRY--TOPICAL TERM | |
| Topical term or geographic name entry element | FORCIBLE ENTRY |
| 690 ## - LOCAL SUBJECT ADDED ENTRY--TOPICAL TERM (OCLC, RLIN) | |
| Topical term or geographic name as entry element | PROPERTY-LANDLORD AND TENANT |
| 942 ## - ADDED ENTRY ELEMENTS (KOHA) | |
| Suppress in OPAC | 0 |
| Withdrawn status | Lost status | Source of classification or shelving scheme | Damaged status | Not for loan | Home library | Current library | Shelving location | Date acquired | Total Checkouts | Full call number | Barcode | Date last seen | Copy number | Price effective from | Koha item type |
|---|---|---|---|---|---|---|---|---|---|---|---|---|---|---|---|
| Dewey Decimal Classification | London | London | Journal article | 15/07/2002 | ABS65733 | 118815-1001 | 06/08/2019 | 1 | 06/08/2019 | Journal article |